Central Library OPAC University of Rajshahi

The feminine mystique / (Record no. 57627)

MARC details
000 -LEADER
fixed length control field 00973nam a2200301 a 4500
001 - CONTROL NUMBER
control field 57627
003 - CONTROL NUMBER IDENTIFIER
rucl marc code BD-RjUL
005 - DATE AND TIME OF LATEST TRANSACTION
control field 20211209080533.0
008 - FIXED-LENGTH DATA ELEMENTS--GENERAL INFORMATION
fixed length control field 111216s2010 enk b 001 0 eng d
020 ## - INTERNATIONAL STANDARD BOOK NUMBER
International Standard Book Number 9780141192055 (pbk.)
International Standard Book Number 0141192054 (pbk.)
035 ## - SYSTEM CONTROL NUMBER
System control number (BD-RjUL) 57751
040 ## - CATALOGING SOURCE
Original cataloging agency StDuBDS
Language of cataloging eng
Transcribing agency StDuBDS
Modifying agency BD-RjUL
041 ## - LANGUAGE CODE
Language code of text/sound track or separate title eng
082 04 - DEWEY DECIMAL CLASSIFICATION NUMBER
Classification number 305.420973
Edition number 23
Author mark and year FRF 2010
100 1# - MAIN ENTRY--PERSONAL NAME
Personal name Friedan, Betty.
9 (RLIN) 171111
245 14 - TITLE STATEMENT
Title The feminine mystique /
Statement of responsibility, etc. Betty Friedan ; with an introduction by Lionel Shriver.
260 ## - PUBLICATION, DISTRIBUTION, ETC. (IMPRINT)
Place of publication, distribution, etc. London :
Name of publisher, distributor, etc. Penguin,
Date of publication, distribution, etc. c2010.
300 ## - PHYSICAL DESCRIPTION
Pagination x, 347 p. ;
Size 20 cm.
490 1# - SERIES STATEMENT
Series statement Penguin modern classics
500 ## - GENERAL NOTE
General note First published 1963.
504 ## - BIBLIOGRAPHY, ETC. NOTE
Bibliography, etc Includes bibliographical references and index.
650 #0 - SUBJECT ADDED ENTRY--TOPICAL TERM
Topical term or geographic name as entry element Feminism
Geographic subdivision United States.
9 (RLIN) 171112
Topical term or geographic name as entry element Women
Geographic subdivision United States
General subdivision Social conditions.
9 (RLIN) 171113
Topical term or geographic name as entry element Women
General subdivision Psychology.
9 (RLIN) 171114
830 #0 - SERIES ADDED ENTRY--UNIFORM TITLE
Uniform title Penguin modern classics.
942 ## - ADDED ENTRY ELEMENTS (KOHA)
Source of classification or shelving scheme Dewey Decimal Classification
Koha item type Books
Holdings
Lost status Source of classification or shelving scheme Damaged status Not for loan Collection code Permanent Location Current Location Shelving location Date acquired Source of acquisition Cost, normal purchase price Total Checkouts Full call number Date last seen Copy number Koha item type
  Dewey Decimal Classification   Not For Loan Non-fiction Central Library, University of Rajshahi Central Library, University of Rajshahi Reading Room 06/07/2013 Space Marketing Commm. 1400.00   305.420973 FRF 2010 11/12/2016 C-1 Books